| 000 | 00793nam a22002057a 4500 | ||
|---|---|---|---|
| 003 | Nust | ||
| 005 | 20241212094107.0 | ||
| 008 | 170216b xxu||||| |||| 00| 0 eng d | ||
| 040 | _cNust-MCE | ||
| 082 | _a200 | ||
| 100 |
_aAhmad Syed Bilal _9127085 |
||
| 245 |
_aComparison of structural performance using Pakistan building building code practice vs response spectrum analysis derived from spectral acceleration values of Peshawar region/ _cSyed Bilal Ahmad |
||
| 260 |
_aRisalpur _bMCE _c2015. |
||
| 300 | _axii,105p. | ||
| 526 | _aMS-Construction Engineering and Management | ||
| 600 |
_xMS-Construction Engineering and Management _9126637 |
||
| 700 | _aSupervisor: Dr. Muhammad Maqbool Sadiq | ||
| 856 | _uhttp://10.250.8.41:8080/xmlui/handle/123456789/11786 | ||
| 942 |
_cSC _2ddc |
||
| 999 |
_c232282 _d232282 |
||